Vervollständige den Text ohne den Songtitel zu kennen - Statistiken

Allgemein
  • Dieses Quiz wurde 302 mal gespielt
  • Das Durchschnittsergebnis liegt bei 29 aus 127
Antwortstatistiken
Liedtext % Korrekt
I
97%
The
62%
We
61%
And
52%
Be
49%
To
45%
No
43%
Who
43%
Will
41%
Go
40%
Can
39%
So
36%
Her
30%
One
29%
For
28%
That
27%
All
23%
There
23%
Us
23%
Ever
22%
Were
21%
With
20%
Im
18%
But
17%
Its
17%
Come
14%
Back
13%
Same
12%
Tell
12%
Again
11%
Oh
11%
Together
11%
Yeah
11%
Cause
9%
Many
9%
Still
8%
Things
8%
Miss
7%
Well
7%
Blame
6%
Countdown
6%
Earth
6%
Final
6%
Maybe
6%
Seen
6%
Stand
6%
Found
5%
Guess
5%
Tall
5%
Farewell
3%
Ground
3%
Leaving
3%
Sure
3%
Theyve
3%
Welcome
3%
Heading
2%
Lightyears
2%
Venus
2%
Keine übereinstimmenden Quizze gefunden
Verteilung der Resultate
Anzahl Personen mit jedem Resultat
Perzentil nach korrekt beantworteten Fragen
Ihre Resultats-Entwicklung
Sie haben dieses Quiz noch nicht gespielt